[Event "GER-ch U12"]
[Site "Oberhof"]
[Date "2013.05.23"]
[Round "8"]
[White "Groth, Kevin"]
[Black "Walow, Xenia"]
[Result "1-0"]
[WhiteElo "1399"]
[BlackElo "1271"]
[PlyCount "89"]
[EventDate "2013.05.19"]
[EventType "swiss"]
[EventRounds "11"]
[EventCountry "GER"]
[SourceTitle "CBM 154 Extra"]
[Source "ChessBase"]
[SourceDate "2013.06.25"]
[SourceVersion "2"]
[SourceVersionDate "2013.06.25"]
[SourceQuality "1"]

1. e4 c5 2. Nf3 d6 3. b3 Nc6 4. Bb2 a6 5. Nc3 Nf6 6. Be2 e6 7. d3 g6 8. Qd2 Bg7 9. 0-0 0-0 10. Rfd1 b5 11. Rab1 Nd4 12. a3 Nxf3+ 13. Bxf3 e5 14. Ne2 Rb8 15. b4 Qc7 16. Rbc1 Bg4 17. Bxg4 Nxg4 18. h3 Bh6 19. f4 Nf6 20. Rf1 Rfe8 21. Qc3 Rbc8 22. Ra1 Bg7 23. g4 exf4 24. Nxf4 Qa7 25. bxc5 Qxc5+ 26. Qxc5 Rxc5 27. c3 Rc7 28. g5 Nh5 29. Nd5 Rc6 30. Kg2 Kf8 31. Rf3 Rd8 32. a4 bxa4 33. Rxa4 Ra8 34. Rb4 Kg8 35. Ne7+ Kh8 36. Nxc6 Rf8 37. Rb7 Kg8 38. d4 f6 39. h4 fxg5 40. Rxf8+ Bxf8 41. hxg5 Nf4+ 42. Kf1 Ne6 43. e5 Nxg5 44. Rb8 dxe5 45. Ba3 1-0

[Event "GER-ch U12"]
[Site "Oberhof"]
[Date "2013.05.22"]
[Round "7"]
[White "Bureik, Nicolas"]
[Black "Groth, Kevin"]
[Result "0-1"]
[WhiteElo "1183"]
[BlackElo "1399"]
[PlyCount "40"]
[EventDate "2013.05.19"]
[EventType "swiss"]
[EventRounds "11"]
[EventCountry "GER"]
[SourceTitle "CBM 154 Extra"]
[Source "ChessBase"]
[SourceDate "2013.06.25"]
[SourceVersion "2"]
[SourceVersionDate "2013.06.25"]
[SourceQuality "1"]

1. d4 d5 2. Nf3 Nf6 3. g3 e6 4. Bg2 Bd6 5. b3 Nc6 6. 0-0 Qe7 7. Nbd2 Bd7 8. Bb2 0-0-0 9. Ne5 Rdg8 10. c4 Bxe5 11. dxe5 Ng4 12. f4 dxc4 13. Bxc6 Qc5+ 14. Kh1 Bxc6+ 15. Nf3 Rd8 16. Qc1 Nf2+ 17. Kg2 Ng4 18. Kh1 Qe3 19. Qxc4 Rd2 20. Bd4 Rxd4 0-1